Statistics for Capital City Triplets

Click here to take the quiz!

General Stats

  • This quiz has been taken 37 times
  • The average score is 17 of 33

Answer Stats

ANSWER% Correct
Ljubljana, Monaco
86%
RSV
86%
BBV
79%
Prague, Zagreb
79%
BPS
76%
Tokyo, Ulaanbaatar
76%
BKL
72%
Libreville
72%
Abuja,Yamoussoukro
59%
ALP
59%
Rome, Vatican City
59%
TTV
59%
DKT
52%
Naypyidaw, New Delhi
52%
Basseterre, Nassau
48%
KPS
48%
Baghdad, Tehran
45%
BTY
45%
Funafuti, Honiara, Palikir
45%
MTY
45%
Rome - San Marino - Vatican City
45%
Beijing - Pyongyang - Seoul
41%
Dodoma, Gaborone, Maputo
41%
HLL
41%
Accra - Lome - Porto-Novo
34%
Bratislava - Budapest - Vienna
34%
Brazzaville - Kinshasa - Luanda
34%
Dhaka - Kathmandu - Thimphu
34%
Baku - Tbilisi - Yerevan
31%
Tripoli - Tunis - Valletta
31%
Majuro - Tarawa - Yaren
24%
Harare - Lilongwe - Lusaka
21%
Kingston - Port-au-Prince - Santo Domingo
21%

Score Distribution

Percentile by Number Answered

Percent of People with Each Score

Your Score History

You have not taken this quiz